Oriental carpets in the Philadelphia Museum of Art /

Bibliographic Details
Corporate Author: Philadelphia Museum of Art
Other Authors: Ellis, Charles Grant, 1908-1996
Format: Book
Language:English
Published: Philadelphia, Pa. : Philadelphia Museum of Art : [1988]
Subjects:

MARC

Tag First Indicator Second Indicator Subfields
LEADER 00000cam a22000008a 4500
001 in00000034061
005 20151007055201.0
008 871113s1988 paua bc 00010 eng
010 |a  87032713  
020 |a 0876330707 (pbk.) :  |c $28.50 
020 |a 081227959X (University of Pa. Press : hard) :  |c $59.95 
035 |a (OCoLC)17108563 
035 |9 AAB7499AM 
040 |a DLC  |c DLC  |d TXA  |d UtOrBLW 
043 |a a------  |a e------  |a n-us-pa 
049 |a TXAM  |c [A11073990] 
050 0 0 |a NK2808  |b .P5 1988 
082 0 |a 746.7/5/074014811  |2 19 
110 2 |a Philadelphia Museum of Art. 
245 1 0 |a Oriental carpets in the Philadelphia Museum of Art /  |c Charles Grant Ellis. 
263 |a 8802 
264 1 |a Philadelphia, Pa. :  |b Philadelphia Museum of Art :  |c [1988] 
264 2 |a Philadelphia, Pa. :  |b Distributed by the University of Pennsylvania Press, 
264 4 |c ©1988 
300 |a xxiv, 304 pages :  |b illustrations (some color) 
336 |a text  |b txt  |2 rdacontent 
337 |a unmediated  |b n  |2 rdamedia 
338 |a volume  |b nc  |2 rdacarrier 
504 |a Bibliography: pages 293-304. 
650 0 |a Rugs, Oriental  |v Catalogs. 
650 0 |a Rugs  |z Pennsylvania  |z Philadelphia  |x Catalogs. 
610 2 0 |a Philadelphia Museum of Art  |x Catalogs. 
700 1 |a Ellis, Charles Grant,  |d 1908-1996. 
999 |a MARS 
999 f f |s 46864bd0-8e93-3e50-b782-9d1f7336b919  |i c6a82d63-d826-32b6-9eaa-80a0005c822e  |t 0 
952 f f |p normal  |a Texas A&M University  |b College Station  |c Sterling C. Evans Library  |d Evans: Library Stacks  |t 0  |e NK2808 .P5 1988  |h Library of Congress classification  |i unmediated -- volume  |m A14811073990 
998 f f |a NK2808 .P5 1988  |t 0  |l Evans: Library Stacks